Visualizzazione normale
Vista MARC
- Contaldo Francesco
di Personal Name
Records bibliografici associati: 1
001 - CONTROL NUMBER
- control field: 44707
003 - CONTROL NUMBER IDENTIFIER
- control field: IT-RoPau
005 - DATE AND TIME OF LATEST TRANSACTION
- control field: 20151129154045.0
008 - FIXED-LENGTH DATA ELEMENTS
- fixed length control field: 151129|| aca||aabn | a|a d
040 ## - CATALOGING SOURCE
- Original cataloging agency: IT-RoPau
- Transcribing agency: IT-RoPau
100 ## - HEADING--PERSONAL NAME
- Personal name: Contaldo Francesco
- Relator term: (soggetto)
- Miscellaneous information: Codice Soggetto SPICS: 7850
670 ## - SOURCE DATA FOUND
- Source citation: Work cat.: (IT-RoPau)106031: Base Giulio Codice regista SPICS: 58034 40986, MARIA GORETTI MARIA GORETTI (Rif. Codice opera principale : H6413)